Zákon o doplnkovom dôchodkovom sporení

Úplné znenie a komentár k zákonu č. 650/2004 Z.z. o doplnkovom dôchodkovom sporení a o zmene a doplnení niektorých zákonov, ktorý nadobudol účinnosť 1.1.2005. Tri piliere novej dôchodkovej sústavy. Vecný rozsah doplnkového dôchodkového sporenia. Vznik doplnkových dôchodkových spoločností. Správa dop...

Full description

Saved in:
Bibliographic Details
Main Author: Hvojník, Igor
Format: Book Chapter
Language:Slovak
Subjects:
Tags: Add Tag
No Tags, Be the first to tag this record!

MARC

LEADER 00000naa$a2200000$$$4500
001 0026265
005 20231109090411.7
041 0 |a slo 
044 |a SK 
245 1 0 |a Zákon o doplnkovom dôchodkovom sporení  |c Igor Hvojník 
520 |a Úplné znenie a komentár k zákonu č. 650/2004 Z.z. o doplnkovom dôchodkovom sporení a o zmene a doplnení niektorých zákonov, ktorý nadobudol účinnosť 1.1.2005. Tri piliere novej dôchodkovej sústavy. Vecný rozsah doplnkového dôchodkového sporenia. Vznik doplnkových dôchodkových spoločností. Správa doplnkových dôchodkových fondov. Platenie príspevkov. Dohľad nad vykonávaním doplnkového dôchodkového sporenia. 
610 2 0 |a poistenie dôchodkové doplnkové 
610 2 0 |a sporenie obyvateľstva 
610 2 0 |a poisťovníctvo 
610 2 0 |a poisťovne 
610 2 0 |a spoločnosti 
610 2 0 |a transformácia 
610 2 0 |a poistníci 
610 2 0 |a odvody 
610 2 0 |a zamestnanci 
610 2 0 |a zamestnávatelia 
610 2 0 |a fond poistenia dôchodkového 
610 2 0 |a zákony 
610 2 0 |a 2004 
100 1 |a Hvojník, Igor